[Event "DVM U14w 2017"]
[Site "Neumünster GER"]
[Date "2017.12.29"]
[Round "6"]
[White "Wilhelm, Anna-Lena"]
[Black "Oschlies, Tami"]
[Result "0-1"]
[Termination "normal"]
[Board "4.4"]
[WhiteElo "1122"]
[BlackElo "1387"]
[WhiteClock "00:16:31"]
[BlackClock "00:20:07"]
[WhiteTeam "SG Blau-Weiß Stadtilm"]
[BlackTeam "SC Borussia 1920 Friedrichsfelde"]
[PlyCount "108"]
[WhiteFideId "16230094"]
[BlackFideId "16217365"]
[EventCountry "GER"]
[EventRounds "7"]
[EventType "team-swiss"]
[EventDate "2017.12.26"]

1. e4 {[%clk 1:30:58]} c5 {[%clk 1:30:55]} 2. Nc3 {[%clk 1:31:19]} d6 {[%clk
1:31:11]} 3. Nge2 {[%clk 1:31:18]} e6 {[%clk 1:31:11]} 4. g3 {[%clk 1:31:24]}
Be7 {[%clk 1:30:49]} 5. Bg2 {[%clk 1:31:33]} Nf6 {[%clk 1:30:37]} 6. O-O {[%clk
1:31:00]} Nc6 {[%clk 1:30:04]} 7. h3 {[%clk 1:30:05]} a6 {[%clk 1:28:11]} 8. g4
{[%clk 1:20:23]} h6 {[%clk 1:24:14]} 9. d3 {[%clk 1:16:13]} Qc7 {[%clk
1:21:13]} 10. Be3 {[%clk 1:10:56]} b5 {[%clk 1:15:36]} 11. Nf4 {[%clk 1:08:58]}
Bb7 {[%clk 1:12:26]} 12. Qd2 {[%clk 1:00:41]} Rd8 {[%clk 1:07:24]} 13. a3
{[%clk 0:48:13]} g5 {[%clk 0:58:23]} 14. Nh5 {[%clk 0:46:42]} Nxh5 {[%clk
0:54:06]} 15. gxh5 {[%clk 0:46:49]} Kd7 {[%clk 0:50:07]} 16. f3 {[%clk
0:38:07]} Rdg8 {[%clk 0:45:34]} 17. Rae1 {[%clk 0:32:00]} Kc8 {[%clk 0:41:51]}
18. Ne2 {[%clk 0:19:38]} f5 {[%clk 0:34:30]} 19. f4 {[%clk 0:18:31]} Bf6 {[%clk
0:29:13]} 20. b4 {[%clk 0:18:23]} cxb4 {[%clk 0:28:10]} 21. axb4 {[%clk
0:18:38]} Qg7 {[%clk 0:26:21]} 22. fxg5 {[%clk 0:17:32]} hxg5 {[%clk 0:25:20]}
23. exf5 {[%clk 0:17:20]} g4 {[%clk 0:19:59]} 24. Nf4 {[%clk 0:15:56]} gxh3
{[%clk 0:18:09]} 25. Nxh3 {[%clk 0:16:19]} Rxh5 {[%clk 0:17:26]} 26. Nf4 {[%clk
0:15:47]} Rxf5 {[%clk 0:14:58]} 27. Nxe6 {[%clk 0:15:07]} Rxf1+ {[%clk
0:14:40]} 28. Kxf1 {[%clk 0:15:25]} Qf7 {[%clk 0:13:40]} 29. Bh3 {[%clk
0:14:58]} Bc3+ {[%clk 0:12:46]} 30. Qf2 {[%clk 0:14:40]} Qxf2+ {[%clk 0:12:54]}
31. Kxf2 {[%clk 0:14:37]} Bxe1+ {[%clk 0:13:08]} 32. Kxe1 {[%clk 0:14:58]} Rg3
{[%clk 0:12:45]} 33. Nf4+ {[%clk 0:15:03]} Kd8 {[%clk 0:12:18]} 34. Bb6+ {[%clk
0:14:49]} Ke8 {[%clk 0:12:02]} 35. Kf2 {[%clk 0:14:56]} Rg6 {[%clk 0:11:56]}
36. Nxg6 {[%clk 0:15:15]} Nxb4 {[%clk 0:11:38]} 37. c3 {[%clk 0:14:08]} Nxd3+
{[%clk 0:11:24]} 38. Ke3 {[%clk 0:14:21]} Nb2 {[%clk 0:09:34]} 39. Ba5 {[%clk
0:13:06]} Nc4+ {[%clk 0:09:44]} 40. Kd4 {[%clk 0:12:55]} Nxa5 {[%clk 0:09:57]}
41. Nf4 {[%clk 0:12:29]} Ke7 {[%clk 0:08:27]} 42. Nd3 {[%clk 0:12:07]} Nb3+
{[%clk 0:06:22]} 43. Ke3 {[%clk 0:11:47]} Nc5 {[%clk 0:05:13]} 44. Nb2 {[%clk
0:10:22]} Kd8 {[%clk 0:02:33]} 45. Bf1 {[%clk 0:02:43]} Kc7 {[%clk 0:01:41]}
46. Kd4 {[%clk 0:01:36]} Kb6 {[%clk 0:31:14]} 47. Be2 {[%clk 0:26:04]} a5
{[%clk 0:28:53]} 48. Bd1 {[%clk 0:21:54]} a4 {[%clk 0:27:28]} 49. Nd3 {[%clk
0:17:27]} Nxd3 {[%clk 0:25:26]} 50. Kxd3 {[%clk 0:17:49]} Bd5 {[%clk 0:21:03]}
51. Kc2 {[%clk 0:16:20]} Bb3+ {[%clk 0:20:31]} 52. Kc1 {[%clk 0:16:11]} Bxd1
{[%clk 0:20:30]} 53. Kxd1 {[%clk 0:16:35]} Kc5 {[%clk 0:20:13]} 54. Kc2 {[%clk
0:16:31]} Kc4 {[%clk 0:20:07]} 0-1

[Event "DVM U14w 2017"]
[Site "Neumünster GER"]
[Date "2017.12.29"]
[Round "6"]
[White "Bui, Ngoc Han Julia"]
[Black "Stowicek, Yara Mathilda"]
[Result "1/2-1/2"]
[Termination "normal"]
[Board "5.1"]
[WhiteElo "1832"]
[BlackElo "1496"]
[WhiteTeam "SG Leipzig"]
[BlackTeam "USV Halle"]
[PlyCount "58"]
[WhiteFideId "12977055"]
[BlackFideId "16203569"]
[EventCountry "GER"]
[EventRounds "7"]
[EventType "team-swiss"]
[EventDate "2017.12.26"]

1. e4 e5 2. Nf3 Nc6 3. Bb5 a6 4. Ba4 Nf6 5. d3 b5 6. Bb3 Be7 7. O-O O-O 8. a4
Rb8 9. axb5 axb5 10. Nc3 d6 11. Nd5 h6 12. Nxe7+ Nxe7 13. c3 Ng6 14. Re1 Re8
15. Be3 Be6 16. Bc2 b4 17. Nd2 Qd7 18. Ba4 c6 19. d4 Qc7 20. d5 Bd7 21. dxc6
Bxc6 22. cxb4 Rxb4 23. Qc2 Rc8 24. Rec1 Ne7 25. Qc3 Rb7 26. f3 Qd7 27. Bxc6
Rxc6 28. Qa3 Rbc7 29. Rc3 Rxc3 1/2-1/2

[Event "DVM U14w 2017"]
[Site "Neumünster GER"]
[Date "2017.12.29"]
[Round "6"]
[White "Delgado, Celina"]
[Black "Oswald, Hannah"]
[Result "1/2-1/2"]
[Termination "normal"]
[Board "5.2"]
[WhiteElo "1440"]
[BlackElo "1637"]
[WhiteTeam "USV Halle"]
[BlackTeam "SG Leipzig"]
[PlyCount "49"]
[WhiteFideId "12993735"]
[BlackFideId "16214960"]
[EventCountry "GER"]
[EventRounds "7"]
[EventType "team-swiss"]
[EventDate "2017.12.26"]

1. d4 d5 2. Bf4 Nf6 3. Nf3 Bf5 4. e3 Nbd7 5. Nbd2 e6 6. c4 Be7 7. Be2 O-O 8.
Rc1 c6 9. Qb3 Qb6 10. Qxb6 Nxb6 11. O-O Ne4 12. Nxe4 Bxe4 13. Nd2 Bg6 14. Rfd1
Bb4 15. a3 Be7 16. Nb3 dxc4 17. Bxc4 Na4 18. Rd2 Rfd8 19. Rcd1 Bh5 20. f3 c5
21. dxc5 Rxd2 22. Rxd2 Nxc5 23. Nxc5 Bxc5 24. Kf2 h6 25. Rd7 1/2-1/2

[Event "DVM U14w 2017"]
[Site "Neumünster GER"]
[Date "2017.12.29"]
[Round "6"]
[White "Fege, Astrid"]
[Black "Voigt, Anastasia"]
[Result "1/2-1/2"]
[Termination "normal"]
[Board "5.3"]
[WhiteElo "1239"]
[BlackElo "1350"]
[WhiteTeam "SG Leipzig"]
[BlackTeam "USV Halle"]
[PlyCount "86"]
[WhiteFideId "16217152"]
[BlackFideId "16235223"]
[EventCountry "GER"]
[EventRounds "7"]
[EventType "team-swiss"]
[EventDate "2017.12.26"]

1. e4 e5 2. Nf3 Nc6 3. Bc4 Bc5 4. c3 Nf6 5. d3 d6 6. O-O O-O 7. Bb3 Bg4 8. Nbd2
h6 9. Re1 Re8 10. Nf1 Bh5 11. Ng3 Bg6 12. Nh4 Bh7 13. Nhf5 Ne7 14. Qf3 Nxf5 15.
Nxf5 Bxf5 16. Qxf5 Qc8 17. Qg6 Re7 18. Bxh6 Qg4 19. Qg5 Rd7 20. h3 Qxg5 21.
Bxg5 Nh7 22. Be3 Bxe3 23. Rxe3 Nf6 24. Rae1 Nh5 25. Rf3 Nf4 26. Rg3 Re8 27.
Rge3 Rde7 28. Kh2 c6 29. g3 Nh5 30. Kg2 Nf6 31. Rd1 d5 32. Re2 Rd8 33. Red2
dxe4 34. dxe4 Rxd2 35. Rxd2 Nxe4 36. Rd8+ Kh7 37. Bc2 f5 38. f3 Nc5 39. Bxf5+
g6 40. Bc2 Kh6 41. Rd6 e4 42. fxe4 Nxe4 43. Rd4 Nc5 1/2-1/2

[Event "DVM U14w 2017"]
[Site "Neumünster GER"]
[Date "2017.12.29"]
[Round "6"]
[White "Schwegler, Jelena"]
[Black "Garbuz, Nicole"]
[Result "0-1"]
[Termination "normal"]
[Board "6.1"]
[WhiteElo "1544"]
[BlackElo "1641"]
[WhiteTeam "SK Bad Homburg"]
[BlackTeam "SF Brackel"]
[PlyCount "72"]
[WhiteFideId "16225481"]
[BlackFideId "12990701"]
[EventCountry "GER"]
[EventRounds "7"]
[EventType "team-swiss"]
[EventDate "2017.12.26"]

1. e4 e5 2. Nf3 Nc6 3. d4 exd4 4. Nxd4 Nf6 5. Nxc6 bxc6 6. e5 Qe7 7. Qe2 Nd5 8.
c4 Ba6 9. b3 g6 10. g3 Bg7 11. Bb2 O-O 12. Bg2 Rfe8 13. O-O Nb6 14. Re1 Rab8
15. Nd2 Na4 16. Bd4 c5 17. Be3 Nb6 18. f4 d6 19. Bf2 Nd7 20. Bc6 Bc8 21. Nf3
dxe5 22. fxe5 Bb7 23. Bxd7 Qxd7 24. Bxc5 Qc6 25. Bxa7 Ra8 26. Nd4 Qh1+ 27. Kf2
Qg2+ 28. Ke3 Rxe5+ 29. Kd3 Rxe2 30. Rxe2 Qh3 31. Bc5 Rd8 32. Kc3 Bxd4+ 33. Bxd4
Qg4 34. Rd2 c5 35. Bg1 Qf3+ 36. Kc2 Be4+ 0-1

[Event "DVM U14w 2017"]
[Site "Neumünster GER"]
[Date "2017.12.29"]
[Round "6"]
[White "Wastian, Mareike"]
[Black "Tornay, Haizea"]
[Result "1/2-1/2"]
[Termination "normal"]
[Board "6.2"]
[WhiteElo "1660"]
[BlackElo "1320"]
[WhiteTeam "SF Brackel"]
[BlackTeam "SK Bad Homburg"]
[PlyCount "106"]
[WhiteFideId "12947423"]
[BlackFideId "16205758"]
[EventCountry "GER"]
[EventRounds "7"]
[EventType "team-swiss"]
[EventDate "2017.12.26"]

1. e4 c6 2. d4 d5 3. exd5 cxd5 4. c4 Nf6 5. Nc3 e6 6. Nf3 Nc6 7. Bg5 Be7 8. Bd3
O-O 9. O-O b6 10. a3 Ba6 11. cxd5 Bxd3 12. Qxd3 Nxd5 13. Bxe7 Ncxe7 14. Rad1
Rc8 15. Rfe1 Nxc3 16. bxc3 Qc7 17. Rc1 Qc4 18. Qxc4 Rxc4 19. Ne5 Rc7 20. c4 Rd8
21. Red1 f6 22. Nf3 Rdc8 23. c5 bxc5 24. dxc5 Rxc5 25. Rxc5 Rxc5 26. Kf1 Ra5
27. Rd3 e5 28. Nd2 Rd5 29. Ke2 Rxd3 30. Kxd3 Kf7 31. Nc4 Ke6 32. f3 Kd5 33.
Ne3+ Kc5 34. Nc2 Nd5 35. g3 f5 36. g4 g6 37. h4 Kb5 38. Ke2 Ka4 39. Kd3 Kb3 40.
Ne1 Kxa3 41. Kc4 Nb4 42. Ng2 Nc2 43. Kd5 e4 44. fxe4 fxe4 45. Kxe4 Kb4 46. Nf4
Ne1 47. h5 gxh5 48. gxh5 a5 49. Nd5+ Kc5 50. Nc3 Kc4 51. Na4 Kb4 52. Nb6 Nc2
53. Kf4 Nd4 1/2-1/2

[Event "DVM U14w 2017"]
[Site "Neumünster GER"]
[Date "2017.12.29"]
[Round "6"]
[White "Goetz, Fenja"]
[Black "Bünte, Kirsten"]
[Result "1/2-1/2"]
[Termination "normal"]
[Board "6.3"]
[WhiteElo "1402"]
[BlackElo "1433"]
[WhiteTeam "SK Bad Homburg"]
[BlackTeam "SF Brackel"]
[PlyCount "81"]
[WhiteFideId "16250516"]
[BlackFideId "16200535"]
[EventCountry "GER"]
[EventRounds "7"]
[EventType "team-swiss"]
[EventDate "2017.12.26"]

1. e4 c6 2. d4 d5 3. exd5 cxd5 4. c3 Nc6 5. Bd3 Nf6 6. Bf4 a6 7. a4 Bg4 8. Qb3
Qd7 9. Nd2 e6 10. Ngf3 Bxf3 11. Nxf3 Be7 12. O-O O-O 13. Rfe1 Nh5 14. Be5 Bf6
15. Qc2 g6 16. Bxf6 Nxf6 17. Qd2 Kg7 18. Qg5 h6 19. Qg3 Rh8 20. Re3 Nh5 21. Qg4
Nf6 22. Qg3 Rag8 23. Rae1 Re8 24. Nh4 Ne7 25. Qe5 Nc6 26. Qg3 g5 27. Nf3 Nh5
28. Qg4 Nf4 29. Nxg5 hxg5 30. Qxg5+ Ng6 31. Rg3 Rh6 32. Ree3 Reh8 33. Ref3 Qe7
34. Qxe7 Ncxe7 35. h3 Kf8 36. Rg5 Nh4 37. Rf4 Nhg6 38. Rf3 Kg7 39. Rgg3 Ng8 40.
Rg5 N8e7 41. Rgg3 1/2-1/2

[Event "DVM U14w 2017"]
[Site "Neumünster GER"]
[Date "2017.12.29"]
[Round "6"]
[White "Elier, Basmalah"]
[Black "Rahimova, Sarah"]
[Result "0-1"]
[Termination "normal"]
[Board "6.4"]
[WhiteElo "959"]
[BlackElo "1072"]
[WhiteTeam "SF Brackel"]
[BlackTeam "SK Bad Homburg"]
[PlyCount "78"]
[WhiteFideId "16223004"]
[BlackFideId "16255801"]
[EventCountry "GER"]
[EventRounds "7"]
[EventType "team-swiss"]
[EventDate "2017.12.26"]

1. e4 e5 2. Nf3 Nc6 3. Bc4 Nf6 4. d3 d6 5. Bg5 Be7 6. c3 O-O 7. d4 Nxe4 8. Bxe7
Qxe7 9. Nbd2 Ng5 10. O-O Bg4 11. Bd3 e4 12. Re1 d5 13. h3 Nxf3+ 14. Nxf3 Bxf3
15. gxf3 Qg5+ 16. Kf1 exd3 17. Qxd3 Rae8 18. Rxe8 Rxe8 19. Re1 Rxe1+ 20. Kxe1
Qc1+ 21. Ke2 Qxb2+ 22. Ke1 Qa1+ 23. Ke2 Qxa2+ 24. Ke1 a5 25. Qe3 h6 26. f4 a4
27. Qd2 Qa1+ 28. Qd1 Qxc3+ 29. Ke2 Nxd4+ 30. Kf1 a3 31. Qb1 Qc4+ 32. Kg2 a2 33.
Qxa2 Qxa2 34. f5 Nxf5 35. h4 Nxh4+ 36. Kg3 g5 37. Kg4 Qe2+ 38. Kg3 Qf3+ 39. Kh2
Qg2# 0-1

[Event "DVM U14w 2017"]
[Site "Neumünster GER"]
[Date "2017.12.29"]
[Round "6"]
[White "Werner, Rosalie"]
[Black "Ziegenfuß, Antonia"]
[Result "0-1"]
[Termination "normal"]
[Board "7.1"]
[WhiteElo "1546"]
[BlackElo "1834"]
[WhiteTeam "VSG 1880 Offenbach"]
[BlackTeam "OSG Baden-Baden"]
[PlyCount "48"]
[WhiteFideId "16223748"]
[BlackFideId "12962554"]
[EventCountry "GER"]
[EventRounds "7"]
[EventType "team-swiss"]
[EventDate "2017.12.26"]

1. e4 c5 2. Nf3 e6 3. d4 cxd4 4. Nxd4 Nf6 5. Bd3 Nc6 6. Be3 d5 7. Nd2 Be7 8. c3
O-O 9. O-O Ne5 10. Bc2 Neg4 11. Re1 Qc7 12. g3 Bc5 13. h3 Nxe3 14. Rxe3 e5 15.
Nf5 Bxf5 16. exf5 Bxe3 17. fxe3 e4 18. Kg2 Qb6 19. Bb3 Qxe3 20. Qe1 Qg5 21. Qe2
Qxf5 22. Rf1 Qe5 23. Kh2 Rae8 24. Qe3 b6 0-1

[Event "DVM U14w 2017"]
[Site "Neumünster GER"]
[Date "2017.12.29"]
[Round "6"]
[White "Visvikis, Kassandra"]
[Black "Buchholz, Maja"]
[Result "1-0"]
[Termination "normal"]
[Board "7.2"]
[WhiteElo "1473"]
[BlackElo "1266"]
[WhiteTeam "OSG Baden-Baden"]
[BlackTeam "VSG 1880 Offenbach"]
[PlyCount "43"]
[WhiteFideId "36052167"]
[BlackFideId "16200500"]
[EventCountry "GER"]
[EventRounds "7"]
[EventType "team-swiss"]
[EventDate "2017.12.26"]

1. c4 c5 2. Nf3 d6 3. Nc3 Nf6 4. d4 cxd4 5. Nxd4 g6 6. f3 Bg7 7. Be3 Nc6 8. Qd2
O-O 9. O-O-O Bd7 10. g4 Rc8 11. h4 a6 12. h5 b5 13. hxg6 fxg6 14. Bh6 Kf7 15.
Bxg7 Kxg7 16. Qh6+ Kf7 17. g5 Ng8 18. Qxh7+ Ke8 19. Qxg6+ Rf7 20. Qxg8+ Rf8 21.
Qg6+ Rf7 22. Rh8# 1-0

[Event "DVM U14w 2017"]
[Site "Neumünster GER"]
[Date "2017.12.29"]
[Round "6"]
[White "Dixon, Laura Michaela"]
[Black "Martin, Anastasia"]
[Result "0-1"]
[Termination "normal"]
[Board "7.3"]
[WhiteElo "1105"]
[BlackElo "1287"]
[WhiteTeam "VSG 1880 Offenbach"]
[BlackTeam "OSG Baden-Baden"]
[PlyCount "108"]
[WhiteFideId "16248708"]
[BlackFideId "36098434"]
[EventCountry "GER"]
[EventRounds "7"]
[EventType "team-swiss"]
[EventDate "2017.12.26"]

1. e4 d5 2. exd5 Nf6 3. d4 Nxd5 4. c4 Nb6 5. Nc3 Bf5 6. Nf3 Nc6 7. Be3 Nb4 8.
Rc1 e6 9. a3 Nc6 10. h3 h5 11. Be2 f6 12. h4 Qd7 13. Qd2 O-O-O 14. Rd1 e5 15.
d5 Ne7 16. b4 Kb8 17. Bxb6 axb6 18. a4 Ng6 19. Ra1 Bxb4 20. Qb2 Ba5 21. O-O Nf4
22. Rfc1 Bd3 23. Kf1 e4 24. Nd4 Bxe2+ 25. Ndxe2 Nd3 26. Qc2 Qf5 27. Nd4 Qe5 28.
Nce2 Nxc1 29. Rxc1 g5 30. g3 gxh4 31. gxh4 Rhg8 32. Rd1 Qh2 33. Ng3 e3 34. Nf3
Qh3+ 35. Ke2 exf2 36. Kxf2 Rxg3 37. Qe4 b5 38. axb5 Bb6+ 39. Ke2 Qg2+ 40. Ke1
Rxf3 41. Qe2 Bf2+ 42. Kd2 Be3+ 43. Kd3 Bf4+ 44. Qxf3 Qxf3+ 45. Kc2 Qe4+ 46. Kc3
Be5+ 47. Kb4 f5 48. Rf1 Rxd5 49. Rc1 Bb2 50. Rf1 Rd4 51. Kb3 Qd3+ 52. Kxb2 Qxf1
53. c5 Rd3 54. c6 Qe2+ 0-1

[Event "DVM U14w 2017"]
[Site "Neumünster GER"]
[Date "2017.12.29"]
[Round "6"]
[White "Nanthivarman, Merymuthu"]
[Black "Hentschker, Josefin"]
[Result "1-0"]
[Termination "normal"]
[Board "7.4"]
[WhiteElo "1007"]
[BlackElo "1111"]
[WhiteTeam "OSG Baden-Baden"]
[BlackTeam "VSG 1880 Offenbach"]
[PlyCount "107"]
[WhiteFideId "16255755"]
[BlackFideId "16255810"]
[EventCountry "GER"]
[EventRounds "7"]
[EventType "team-swiss"]
[EventDate "2017.12.26"]

1. e4 e5 2. f4 Nc6 3. Nf3 d6 4. d4 Bg4 5. Be2 Nf6 6. Nc3 Bxf3 7. Bxf3 Nxd4 8.
fxe5 dxe5 9. O-O Bc5 10. Be3 Nxc2 11. Qxc2 Bxe3+ 12. Kh1 O-O 13. Rad1 Qe7 14.
Nd5 Nxd5 15. exd5 Rad8 16. Qb3 b6 17. Qxe3 f6 18. Rd2 f5 19. Qb3 e4 20. d6+ Qf7
21. Qxf7+ Kxf7 22. Be2 g6 23. Rfd1 Rd7 24. Bb5 Rdd8 25. dxc7 Rc8 26. Rc1 Kg7
27. Bd7 Rfd8 28. Bxc8 Rxd2 29. Bb7 e3 30. Bf3 e2 31. Bxe2 Rxe2 32. c8=Q Kh6 33.
h3 Re4 34. Rc4 Rxc4 35. Qxc4 g5 36. Qe6+ Kh5 37. Qxf5 Kh6 38. h4 gxh4 39. Qf4+
Kg6 40. Qxh4 Kf5 41. Qxh7+ Ke5 42. Qxa7 Kd5 43. Qxb6 Ke4 44. Qd6 Kf5 45. Qe7
Kf4 46. b4 Kg4 47. Qf8 Kh5 48. Qg8 Kh6 49. b5 Kh5 50. b6 Kh6 51. b7 Kh5 52.
b8=Q Kh4 53. Qb7 Kh5 54. Qbh7# 1-0

[Event "DVM U14w 2017"]
[Site "Neumünster GER"]
[Date "2017.12.29"]
[Round "6"]
[White "Becker, Linda"]
[Black "Wagner, Victoria"]
[Result "0-1"]
[Termination "normal"]
[Board "8.1"]
[WhiteElo "1420"]
[BlackElo "1560"]
[WhiteTeam "SG Porz"]
[BlackTeam "Erfurter SK"]
[PlyCount "70"]
[WhiteFideId "16244753"]
[BlackFideId "16232348"]
[EventCountry "GER"]
[EventRounds "7"]
[EventType "team-swiss"]
[EventDate "2017.12.26"]

1. e4 c5 2. c3 d6 3. d4 Nf6 4. Bd3 Nc6 5. Be3 e5 6. d5 Ne7 7. h3 Ng6 8. Nf3 Be7
9. O-O h5 10. Nbd2 h4 11. Qa4+ Kf8 12. Bg5 Nh5 13. Bxe7+ Qxe7 14. Nc4 Qd8 15.
Rab1 Ngf4 16. Bc2 Nxh3+ 17. gxh3 Bxh3 18. Kh2 Bxf1 19. Rxf1 Qf6 20. Ncd2 Ke7
21. Rg1 h3 22. Rg4 Nf4 23. Qb5 Rab8 24. Qf1 Ng2 25. Ne1 Nxe1 26. Qxe1 Rh4 27.
Qe2 Rxg4 28. Qxg4 Qxf2+ 29. Kxh3 Rh8+ 30. Qh5 Rxh5+ 31. Kg4 Qh4+ 32. Kf3 Qf4+
33. Ke2 Rh2+ 34. Ke1 Qxd2+ 35. Kf1 Qf2# 0-1

[Event "DVM U14w 2017"]
[Site "Neumünster GER"]
[Date "2017.12.29"]
[Round "6"]
[White "Günther, Amelie"]
[Black "Sinner, Joselyne"]
[Result "1-0"]
[Termination "normal"]
[Board "8.2"]
[WhiteElo "1467"]
[BlackElo "1652"]
[WhiteTeam "Erfurter SK"]
[BlackTeam "SG Porz"]
[PlyCount "135"]
[WhiteFideId "12995630"]
[BlackFideId "16210387"]
[EventCountry "GER"]
[EventRounds "7"]
[EventType "team-swiss"]
[EventDate "2017.12.26"]

1. d4 d5 2. Nf3 Nf6 3. e3 e6 4. Bd3 c5 5. b3 b6 6. O-O Bb7 7. Bb2 Nbd7 8. Ne5
Qc7 9. f4 Bd6 10. Nd2 Ne4 11. Nxe4 dxe4 12. Bc4 f6 13. Nxd7 Qxd7 14. Qh5+ Qf7
15. Qxf7+ Kxf7 16. f5 Bd5 17. Bb5 a6 18. Be2 Rhe8 19. Rae1 Rac8 20. Bxa6 Ra8
21. Bb5 Re7 22. c4 Bb7 23. a4 cxd4 24. Bxd4 exf5 25. Bxb6 Re6 26. c5 Be5 27.
Bc4 Ba6 28. Bxe6+ Kxe6 29. Rf2 Rb8 30. a5 Bb5 31. Rc1 f4 32. c6 fxe3 33. Bxe3
Rc8 34. Rfc2 Bd3 35. Ra2 Bb5 36. a6 Kd6 37. c7 Kd7 38. a7 Bc6 39. Rxc6 Kxc6 40.
a8=Q+ Rxa8 41. Rxa8 Bxc7 42. Kf2 Be5 43. Bd2 f5 44. g3 Kd5 45. b4 Kc6 46. Rh8
h6 47. Rf8 g6 48. Rg8 g5 49. Rf8 Bd4+ 50. Ke2 Bg1 51. h3 Bh2 52. Rxf5 Bxg3 53.
Rf6+ Kd5 54. Rxh6 Kc4 55. Rg6 Bh4 56. Bxg5 Bxg5 57. Rxg5 Kxb4 58. h4 Kc4 59. h5
Kd4 60. h6 e3 61. h7 Ke4 62. h8=Q Kf4 63. Qf6+ Ke4 64. Re5+ Kd4 65. Qd6+ Kc4
66. Rc5+ Kb4 67. Qb6+ Ka4 68. Ra5# 1-0

[Event "DVM U14w 2017"]
[Site "Neumünster GER"]
[Date "2017.12.29"]
[Round "6"]
[White "Ramien, Hannah"]
[Black "Wagner, Margarethe"]
[Result "0-1"]
[Termination "normal"]
[Board "8.3"]
[WhiteElo "1351"]
[BlackElo "1490"]
[WhiteTeam "SG Porz"]
[BlackTeam "Erfurter SK"]
[PlyCount "48"]
[WhiteFideId "16209982"]
[BlackFideId "16236947"]
[EventCountry "GER"]
[EventRounds "7"]
[EventType "team-swiss"]
[EventDate "2017.12.26"]

1. e4 c5 2. Nc3 a6 3. f4 b5 4. Nf3 Bb7 5. d3 e6 6. Be2 d5 7. exd5 exd5 8. Bd2
Be7 9. O-O Nf6 10. Qe1 O-O 11. Qg3 Re8 12. f5 Bd6 13. Qf2 Ng4 14. Qe1 d4 15.
Nd1 Bxf3 16. Rxf3 Nxh2 17. Rh3 Qe7 18. Rxh2 Bxh2+ 19. Kxh2 Qxe2 20. Qxe2 Rxe2
21. c3 Nc6 22. Bf4 Ne5 23. Kh3 Nxd3 24. cxd4 Nxf4+ 0-1

[Event "DVM U14w 2017"]
[Site "Neumünster GER"]
[Date "2017.12.29"]
[Round "6"]
[White "Westerhoff, Emily"]
[Black "Popovidi, Angeliki"]
[Result "1-0"]
[Termination "normal"]
[Board "8.4"]
[WhiteElo "879"]
[BlackElo "726"]
[WhiteTeam "Erfurter SK"]
[BlackTeam "SG Porz"]
[PlyCount "77"]
[WhiteFideId "16255798"]
[BlackFideId "16255844"]
[EventCountry "GER"]
[EventRounds "7"]
[EventType "team-swiss"]
[EventDate "2017.12.26"]

1. c4 e5 2. Nc3 Nf6 3. g3 Nc6 4. Bg2 Bb4 5. a3 Bxc3 6. bxc3 O-O 7. d3 h6 8. Nf3
Qe8 9. O-O d6 10. d4 Be6 11. Qd3 Rd8 12. d5 e4 13. Qe3 Ne5 14. Nxe5 dxe5 15.
dxe6 Qxe6 16. Rb1 Qxc4 17. Rxb7 Ng4 18. Qxa7 Qxc3 19. Rxc7 Qd4 20. Qxd4 exd4
21. Bxe4 Nf6 22. Bf3 Ne8 23. Rc4 d3 24. exd3 Rxd3 25. Be2 Rd5 26. a4 Nd6 27.
Ba3 Re8 28. Bf3 Rd3 29. Bxd6 Rxd6 30. Rd1 Rf6 31. Bg2 Re2 32. Rd8+ Kh7 33. Be4+
g6 34. f4 Rb6 35. Rd7 Rb1+ 36. Bxb1 h5 37. Rxf7+ Kh6 38. Rc8 g5 39. Rh8# 1-0

[Event "DVM U14w 2017"]
[Site "Neumünster GER"]
[Date "2017.12.29"]
[Round "6"]
[White "Fricke, Edna Marlene"]
[Black "Karlinger De la Quintana, Ainhoa"]
[Result "0-1"]
[Termination "normal"]
[Board "9.1"]
[WhiteElo "1410"]
[BlackElo "1436"]
[WhiteTeam "SV SF Friedrichshagen"]
[BlackTeam "SC Vaterstetten"]
[PlyCount "46"]
[WhiteFideId "12988839"]
[BlackFideId "16217268"]
[EventCountry "GER"]
[EventRounds "7"]
[EventType "team-swiss"]
[EventDate "2017.12.26"]

1. e4 e6 2. d3 d5 3. Nd2 Nf6 4. g3 Be7 5. Bg2 dxe4 6. dxe4 O-O 7. Ngf3 c5 8.
O-O Nc6 9. Re1 Bd7 10. e5 Nd5 11. h4 Qc7 12. Nc4 Rfd8 13. Ne3 Nb6 14. Ng4 Bf8
15. h5 h6 16. Re4 Ne7 17. Bd2 Bc6 18. Re2 Nf5 19. Qc1 Bxf3 20. Bxf3 Nd4 21. Re3
Nc4 22. Be4 Nxe3 23. Bxe3 Ne2+ 0-1

[Event "DVM U14w 2017"]
[Site "Neumünster GER"]
[Date "2017.12.29"]
[Round "6"]
[White "Schmitt, Xenia"]
[Black "Kirschner, Elena"]
[Result "0-1"]
[Termination "normal"]
[Board "9.2"]
[WhiteElo "1065"]
[BlackElo "1346"]
[WhiteTeam "SC Vaterstetten"]
[BlackTeam "SV SF Friedrichshagen"]
[PlyCount "114"]
[WhiteFideId "16241614"]
[BlackFideId "16205804"]
[EventCountry "GER"]
[EventRounds "7"]
[EventType "team-swiss"]
[EventDate "2017.12.26"]

1. e4 e6 2. Nf3 d5 3. exd5 exd5 4. d4 Nc6 5. Bb5 Bd7 6. Nc3 Nge7 7. O-O a6 8.
Bd3 Nb4 9. a3 Nxd3 10. Qxd3 Bf5 11. Qe3 Bxc2 12. Re1 h6 13. Qe5 c6 14. Re2 Bd3
15. Re3 Bh7 16. Re1 Qd7 17. Bxh6 f6 18. Qh5+ g6 19. Qh4 Qf5 20. g4 g5 21. Qh5+
Qg6 22. Qxg6+ Bxg6 23. Bxf8 Kxf8 24. Re3 Re8 25. Rae1 Nc8 26. Rxe8+ Bxe8 27. b4
Bd7 28. a4 Bxg4 29. Kg2 Bxf3+ 30. Kxf3 Rxh2 31. Kg3 Rh4 32. Rd1 Nd6 33. b5 Nf5+
34. Kg2 Rxd4 35. Re1 axb5 36. axb5 Rc4 37. Rc1 d4 38. Ne2 Rxc1 39. Nxc1 cxb5
40. Nd3 Ke7 41. Kf3 Nd6 42. Kg4 Ke6 43. Nc5+ Kd5 44. Nb3 Kc4 45. Nd2+ Kd3 46.
Nf3 b4 47. Ne1+ Ke2 48. Nc2 d3 49. Nd4+ Kxf2 50. Nf3 b3 51. Nd2 b2 52. Nb1 Ne4
53. Kf5 d2 54. Nc3 Nxc3 55. Kg6 b1=Q+ 56. Kh5 Qh7+ 57. Kg4 d1=Q# 0-1

[Event "DVM U14w 2017"]
[Site "Neumünster GER"]
[Date "2017.12.29"]
[Round "6"]
[White "Kessen, Fanny"]
[Black "Röll, Laura"]
[Result "1-0"]
[Termination "normal"]
[Board "9.3"]
[WhiteElo "1203"]
[BlackElo "1006"]
[WhiteTeam "SV SF Friedrichshagen"]
[BlackTeam "SC Vaterstetten"]
[PlyCount "109"]
[WhiteFideId "16217357"]
[BlackFideId "16213394"]
[EventCountry "GER"]
[EventRounds "7"]
[EventType "team-swiss"]
[EventDate "2017.12.26"]

1. e4 e5 2. Nf3 Nc6 3. Bc4 Nf6 4. d3 h6 5. c3 Bc5 6. Bb3 d6 7. Nbd2 Bg4 8. h3
Bxf3 9. Qxf3 Qd7 10. Nf1 Bb6 11. Ng3 O-O-O 12. O-O Nh7 13. Qxf7 Qxf7 14. Bxf7
Nf6 15. Nf5 Rd7 16. Be6 g6 17. Bxd7+ Kxd7 18. Nxh6 Nh5 19. Nf7 Rf8 20. Ng5 Ng3
21. Nh7 Rf7 22. Ng5 Rf8 23. Rd1 Ne2+ 24. Kh1 Rxf2 25. Kh2 Ne7 26. Bd2 d5 27.
exd5 Nf5 28. Rf1 Nd6 29. Rxf2 Bxf2 30. Rf1 Bg3+ 31. Kh1 Bf4 32. Bxf4 exf4 33.
Rf2 Ng3+ 34. Kh2 Nh5 35. Ne4 Nf7 36. Nc5+ Kc8 37. Ne6 g5 38. Re2 Kd7 39. Nxg5
Nxg5 40. Re5 Nf7 41. Rxh5 Kd6 42. Rf5 Ne5 43. Rxe5 Kxe5 44. g4 Kxd5 45. Kg2 Ke5
46. Kf3 c6 47. h4 b5 48. h5 b4 49. c4 b3 50. axb3 a5 51. h6 a4 52. bxa4 c5 53.
h7 Kd4 54. h8=Q+ Kxd3 55. Qc3# 1-0